Cadalso (Record no. 84309)

MARC details
000 -LEADER
campo de control de longitud fija 00667nam a2200193 i 4500
001 - NÚMERO DE CONTROL
campo de control 84309
003 - IDENTIFICADOR DE NÚMERO DE CONTROL
campo de control ES-MaACL
005 - FECHA Y HORA DE LA ÚLTIMA TRANSACCIÓN
campo de control 20250915063036.0
007 - CAMPO FIJO DE DESCRIPCIÓN FÍSICA--INFORMACIÓN GENERAL
campo de control de longitud fija t|
008 - DATOS DE LONGITUD FIJA--INFORMACIÓN GENERAL
campo de control de longitud fija 041122s1967 sp ||||1| spa d
100 1# - ENTRADA PRINCIPAL--NOMBRE DE PERSONA
Nombre de persona Ximénez de Sandoval, Felipe,
Fechas asociadas al nombre 1903-1978
9 (RLIN) 117510
245 10 - MENCIÓN DEL TÍTULO
Título Cadalso
Resto del título : vida y muerte de un poeta soldado /
Mención de responsabilidad, etc. Felipe Ximénez de Sandoval ; prólogo de José María Pemán.
260 ## - PUBLICACIÓN, DISTRIBUCIÓN, ETC.
Lugar de publicación, distribución, etc. Madrid :
Nombre del editor, distribuidor, etc. Ed. Nacional,
Fecha de publicación, distribución, etc. 1967.
300 ## - DESCRIPCIÓN FÍSICA
Extensión XXXVI, 380 p. ;
Dimensiones 21 cm.
600 14 - PUNTO DE ACCESO ADICIONAL DE MATERIA--NOMBRE DE PERSONA
Nombre de persona Cadalso, José (
Fechas asociadas al nombre 1741-1782)
9 (RLIN) 33373
700 1# - ENTRADA AGREGADA--NOMBRE PERSONAL
Nombre de persona Pemán, José María,
Fechas asociadas al nombre 1897-1981
9 (RLIN) 90130
852 ## - LOCALIZACIÓN
Ubicación ES-MaACL
Número de control de estantería C-32738
Sublocalización o colección R.63094
Holdings
Estatus retirado Estado de pérdida Estado de daño No para préstamo Biblioteca de origen Biblioteca actual Ubicación en estantería Fecha de adquisición Fuente de adquisición Total de préstamos Signatura topográfica completa Código de barras Visto por última vez Precio de reemplazo Tipo de ítem Koha
        Biblioteca del Ateneo de Madrid Biblioteca del Ateneo de Madrid Depósito 2 17/01/2008     C-32738 1088110 23/02/2023 23/02/2023 Libro impreso